[Event "Steinfurt Bezirksklasse 1516"]
[Site "Germany"]
[Date "2015.12.05"]
[Round "4.4"]
[White "Gausselmann, Arno"]
[Black "Muhmann, Reinhard"]
[Result "1/2-1/2"]
[WhiteElo "851"]
[BlackElo "1421"]
[PlyCount "52"]
[EventDate "2015.09.05"]
[EventType "team-tourn"]
[EventRounds "9"]
[EventCountry "GER"]
[SourceTitle "EXT 2017"]
[Source "ChessBase"]
[SourceDate "2016.10.25"]
[SourceVersion "1"]
[SourceVersionDate "2016.10.25"]
[SourceQuality "1"]
[WhiteTeam "Steinfurt V"]
[BlackTeam "Emsdetten Rochade V"]
[WhiteTeamCountry "GER"]
[BlackTeamCountry "GER"]

1. e4 e5 2. Nf3 Nc6 3. Bc4 Be7 4. c3 Nf6 5. d4 d6 6. d5 Na5 7. Nbd2 b6 8. b4 Nxc4 9. Nxc4 Nxe4 10. Qc2 Nf6 11. Bg5 Nxd5 12. Qe4 Bb7 13. Qg4 Bxg5 14. Nxg5 h6 15. Ne4 0-0 16. Rd1 Nf6 17. Nxf6+ Qxf6 18. Rd3 Rae8 19. Rg3 Bc8 20. Qh5 Bf5 21. Rf3 g5 22. h4 Qg6 23. hxg5 Qxh5 24. Rxh5 Bg6 25. Rxh6 Kg7 26. Rh4 Rh8 1/2-1/2

[Event "Steinfurt Bezirksklasse 1516"]
[Site "Germany"]
[Date "2015.09.26"]
[Round "2.4"]
[White "Gausselmann, Arno"]
[Black "Broeker, Sebastian"]
[Result "1/2-1/2"]
[WhiteElo "851"]
[BlackElo "1363"]
[PlyCount "37"]
[EventDate "2015.09.05"]
[EventType "team-tourn"]
[EventRounds "9"]
[EventCountry "GER"]
[SourceTitle "EXT 2017"]
[Source "ChessBase"]
[SourceDate "2016.10.25"]
[SourceVersion "1"]
[SourceVersionDate "2016.10.25"]
[SourceQuality "1"]
[WhiteTeam "Steinfurt V"]
[BlackTeam "Nordwalde II"]
[WhiteTeamCountry "GER"]
[BlackTeamCountry "GER"]

1. e4 e5 2. Bc4 Nf6 3. Nc3 Bc5 4. Qf3 d6 5. Nd5 Be6 6. Nxf6+ gxf6 7. Bxe6 fxe6 8. d3 Nc6 9. Be3 Bb6 10. Nh3 Qe7 11. Bh6 Nd4 12. Qd1 Rg8 13. c3 Nc6 14. Qa4 Rxg2 15. 0-0-0 Kd7 16. d4 d5 17. exd5 exd5 18. dxe5 fxe5 19. Rhg1 1/2-1/2